书目信息 |
| 题名: |
胶体物理化学
|
|
| 作者: | ЛИАТОВ 著 ;南京大学胶体化学教学小组 译 | |
| 分册: | 上册 | |
| 出版信息: | 北京 高等教育出版社 1954 |
|
| 页数: | 190页 | |
| 开本: | 20cm | |
| 丛书名: | ||
| 单 册: | ||
| 中图分类: | O648 | |
| 科图分类: | ||
| 主题词: | 物理化学 , 量子化学 | |
| 电子资源: | ||
| ISBN: | ||
| 000 | 00812nam0 2200241 450 | |
| 001 | 0634537687 | |
| 005 | 20060802082345.54 | |
| 010 | @dCNY0.75 | |
| 100 | @a20060722d1954 km y0chiy0120 ea | |
| 101 | 0 | @achi@crus |
| 102 | @aCN@b110000 | |
| 102 | @aCN@b110000 | |
| 200 | 1 | @a胶体物理化学@Ajiao ti wu li hua xue@h上册@f(苏)С·М·ЛИАТОВ著@F(su)С·М·ЛИАТОВzhu@g南京大学胶体化学教学小组等译@Gnan jing da xue jiao ti hua xue jiao xue xiao zu deng yi |
| 210 | @a北京@c高等教育出版社@d1954 | |
| 215 | @a190页@d20cm | |
| 300 | @a高等学校教学用书 | |
| 606 | 0 | @a物理化学 |
| 606 | 0 | @a量子化学 |
| 690 | @aO648@v3 | |
| 701 | 0 | @aЛИАТОВ@4著 |
| 712 | 0 | @a南京大学胶体化学教学小组@Anan jing da xue jiao ti hua xue jiao xue xiao zu@4译 |
| 801 | 0 | @aCN@bPFT@c20060802 |
| 905 | @a10447@dO648@e11:1 | |
| 胶体物理化学.上册/(苏)С·М·ЛИАТОВ著/南京大学胶体化学教学小组等译.-北京:高等教育出版社,1954 |
| 190页;20cm |
| 高等学校教学用书 |
| ISBN :CNY0.75 |
| ● |
| 相关链接 |
|
|
|
|
正题名:胶体物理化学
索取号:O648/11:1
 
预约/预借
| 序号 | 登录号 | 条形码 | 馆藏地/架位号 | 状态 | 备注 |
| 1 | 0434318 | 204343184 | 密集书库/ [索取号:O648/11:1] | 在馆 |